[Event "PRO League KO Stage 2020"]
[Site "chess.com INT"]
[Date "2020.03.02"]
[Round "1"]
[White "Meshkovs, Nikita"]
[Black "Grischuk, Alexander"]
[Result "1/2-1/2"]
[WhiteTitle "GM"]
[BlackTitle "GM"]
[WhiteElo "2582"]
[BlackElo "2777"]
[WhiteTeam "Sweden Wasabis"]
[BlackTeam "Canada Chessbrahs"]
[WhiteFideId "11602740"]
[BlackFideId "4126025"]
[EventDate "2020.03.02"]

1. d4 Nf6 2. Nf3 e6 3. g3 b5 4. Bg2 Bb7 5. O-O d5 6. a4 b4 7. c4 bxc3 8. Nxc3
Be7 9. Bf4 O-O 10. Qb3 Qc8 11. Nb5 Na6 12. Rfc1 Ne8 13. Ne5 c6 14. e4 Nf6 15.
Bg5 Rd8 16. Nxc6 Bxc6 17. e5 Qd7 18. exf6 gxf6 19. Bd2 Rdc8 20. Rc2 Bxb5 21.
Rxc8+ Rxc8 22. axb5 Nb4 23. Bf1 Nc2 24. Ra4 e5 25. Bc3 Nxd4 26. Bxd4 exd4 27.
Rxd4 Bc5 28. Rxd5 Qe6 29. Qf3 Bb6 30. Bd3 h6 31. Kg2 Rc5 32. Be4 Rxd5 33. Bxd5
Qe5 34. b3 Kf8 35. h4 f5 36. Bc6 Kg7 37. Bd5 Kf8 38. Bc6 Kg7 39. Qd3 Kf6 40. Bf3
Qd4 41. Qe2 Qe5 42. Qc4 Qc5 43. Qe2 Qe5 44. Qd3 Qd4 45. Qxd4+ Bxd4 46. Bd5 Kg6
47. Bc6 Kf6 48. f3 Bc5 49. Bd7 Bb6 50. Bc8 Bc5 51. f4 Bb6 52. Kf3 Bc5 53. Bb7
Bd4 54. Bd5 Bc5 55. Bc4 Bb6 56. g4 fxg4+ 57. Kxg4 Be3 58. Bd3 Kg7 59. Kf5 f6 60.
h5 Bb6 61. Ke6 Bg1 62. f5 Bb6 63. Ke7 Bg1 64. Ke8 Bb6 65. Bc4 Bg1 66. Be6 Bb6
67. Bd5 Bg1 68. Be6 Bb6 69. Bd5 Bg1 70. Be6 1/2-1/2

[Event "PRO League KO Stage 2020"]
[Site "chess.com INT"]
[Date "2020.03.02"]
[Round "1"]
[White "Hellers, Ferdinand"]
[Black "Giri, Anish"]
[Result "0-1"]
[WhiteTitle "GM"]
[BlackTitle "GM"]
[WhiteElo "2592"]
[BlackElo "2763"]
[WhiteTeam "Sweden Wasabis"]
[BlackTeam "Canada Chessbrahs"]
[WhiteFideId "1700022"]
[BlackFideId "24116068"]
[EventDate "2020.03.02"]

1. Nf3 d5 2. g3 Bg4 3. Bg2 c6 4. O-O Nd7 5. d3 Ngf6 6. Nbd2 e5 7. e4 dxe4 8.
dxe4 Bc5 9. Qe2 O-O 10. Nc4 Qc7 11. a4 Rfe8 12. c3 a5 13. Rd1 h6 14. h3 Be6 15.
Bd2 b5 16. axb5 cxb5 17. Nxa5 Rxa5 18. Rxa5 Qxa5 19. b4 Qa4 20. bxc5 Bc4 21. Qe1
Nxc5 22. Ra1 Qc2 23. Rc1 Qxe4 24. Qxe4 Nfxe4 25. Be3 Nd3 26. Rc2 Bb3 27. Re2
Nxc3 28. Rd2 Bc4 29. Rc2 Nd5 30. Bd2 Ra8 31. Nh4 Ra1+ 32. Kh2 Nxf2 33. Rxc4 bxc4
34. Bxd5 Rd1 35. Nf3 e4 0-1

[Event "PRO League KO Stage 2020"]
[Site "chess.com INT"]
[Date "2020.03.02"]
[Round "1"]
[White "Firouzja, Alireza"]
[Black "Grandelius, Nils"]
[Result "1-0"]
[WhiteTitle "GM"]
[BlackTitle "GM"]
[WhiteElo "2728"]
[BlackElo "2651"]
[WhiteTeam "Canada Chessbrahs"]
[BlackTeam "Sweden Wasabis"]
[WhiteFideId "12573981"]
[BlackFideId "1710400"]
[EventDate "2020.03.02"]

1. c4 e6 2. Nf3 d5 3. g3 dxc4 4. Qa4+ Nd7 5. Bg2 a6 6. Nc3 Nf6 7. O-O Rb8 8.
Qxc4 b5 9. Qb3 c5 10. d3 Bd6 11. a4 O-O 12. axb5 axb5 13. Nd2 Bb7 14. Bxb7 Rxb7
15. Nde4 Nxe4 16. Nxe4 Be7 17. Be3 Qb8 18. Rfc1 Rc8 19. Bf4 e5 20. Be3 c4 21.
Qd1 Nf6 22. Nxf6+ Bxf6 23. dxc4 bxc4 24. Qd5 Rb5 25. Qd7 Rb7 26. Qg4 Rxb2 27.
Ra6 Be7 28. Ra7 Rb7 29. Rxb7 Qxb7 30. Rxc4 Rxc4 31. Qxc4 Qb1+ 32. Kg2 Qb7+ 33.
f3 h5 34. Kf2 Qd7 35. Qe4 Qe6 36. Kg2 g6 37. Bd2 Bf6 38. Bc3 Bg7 39. f4 f5 40.
Qa8+ Kf7 41. Qb7+ Qe7 42. Qb2 h4 43. fxe5 hxg3 44. hxg3 Qe6 45. Qb7+ Kg8 46.
Qb8+ Kf7 47. Qc7+ Kg8 48. Kf2 Bf8 49. Qd8 Kf7 50. Qc7+ Be7 51. Bb4 Ke8 52. Bxe7
Qxe7 53. Qxe7+ Kxe7 54. Ke3 g5 55. Kd4 Ke6 56. e3 1-0

[Event "PRO League KO Stage 2020"]
[Site "chess.com INT"]
[Date "2020.03.02"]
[Round "1"]
[White "Saric, Ivan"]
[Black "Amin, Bassem"]
[Result "1/2-1/2"]
[WhiteTitle "GM"]
[BlackTitle "GM"]
[WhiteElo "2646"]
[BlackElo "2667"]
[WhiteTeam "Canada Chessbrahs"]
[BlackTeam "Sweden Wasabis"]
[WhiteFideId "14508150"]
[BlackFideId "10601457"]
[EventDate "2020.03.02"]

1. e4 e5 2. Nf3 Nc6 3. Bb5 a6 4. Ba4 Nf6 5. O-O Be7 6. Re1 b5 7. Bb3 d6 8. c3
O-O 9. h3 Nb8 10. d4 Nbd7 11. Nbd2 Bb7 12. Bc2 Re8 13. Nf1 Bf8 14. Ng3 g6 15. a4
Nb6 16. a5 Nbd7 17. d5 c6 18. dxc6 Bxc6 19. b4 Qc7 20. Bb3 Bg7 21. Ra2 Nf8 22.
Bg5 Ne6 23. Rd2 Rad8 24. Be3 Qb7 25. Bb6 Rd7 26. Rxd6 Rxd6 27. Qxd6 Nxe4 28.
Nxe4 Bxe4 29. Bxe6 fxe6 30. Rxe4 Qxe4 31. Qd7 Rf8 32. Bc5 Qd5 33. Qxd5 exd5 34.
Bxf8 Kxf8 35. Kf1 Ke7 36. Ke2 Kd6 37. Kd2 Bf6 38. g3 Ke6 39. Ne1 Be7 40. Nd3 Bd6
41. Ke3 h5 42. f3 Kf5 43. g4+ hxg4 44. hxg4+ Ke6 45. Nc1 Be7 46. Nd3 Bf8 47. Ne1
Bh6+ 48. Ke2 e4 49. Nc2 Ke5 50. Nd4 Kf4 51. fxe4 dxe4 52. Nxb5 Bg7 53. Nc7 Bxc3
54. Nxa6 Kxg4 55. Ke3 Kf5 56. Ke2 g5 57. Nc7 Bxb4 58. a6 Bc5 59. Nb5 g4 60. a7
Bxa7 61. Nxa7 g3 62. Nb5 Kg4 63. Nd4 Kh3 64. Ke3 g2 65. Ne2 Kh2 66. Kxe4 g1=Q
67. Nxg1 1/2-1/2

[Event "PRO League KO Stage 2020"]
[Site "chess.com INT"]
[Date "2020.03.02"]
[Round "1"]
[White "Grischuk, Alexander"]
[Black "Hellers, Ferdinand"]
[Result "1-0"]
[WhiteTitle "GM"]
[BlackTitle "GM"]
[WhiteElo "2777"]
[BlackElo "2592"]
[WhiteTeam "Canada Chessbrahs"]
[BlackTeam "Sweden Wasabis"]
[WhiteFideId "4126025"]
[BlackFideId "1700022"]
[EventDate "2020.03.02"]

1. e4 d6 2. d4 Nf6 3. Nc3 g6 4. Bg5 Bg7 5. Qd2 c6 6. f4 b5 7. Bd3 O-O 8. Nf3 Bg4
9. O-O-O Nbd7 10. Kb1 Rb8 11. h3 Bxf3 12. gxf3 b4 13. Ne2 c5 14. h4 Qc7 15. e5
c4 16. exf6 exf6 17. Be4 fxg5 18. hxg5 Nb6 19. f5 d5 20. f6 dxe4 21. fxe4 h5 22.
Qe3 Rfe8 23. fxg7 b3 24. axb3 cxb3 25. cxb3 Nd5 26. Qf3 Nb4 27. Nc3 Qa5 28. Rxh5
f5 29. Rdh1 Kxg7 30. Rh7+ Kg8 31. Rd7 1-0

[Event "PRO League KO Stage 2020"]
[Site "chess.com INT"]
[Date "2020.03.02"]
[Round "1"]
[White "Giri, Anish"]
[Black "Meshkovs, Nikita"]
[Result "1-0"]
[WhiteTitle "GM"]
[BlackTitle "GM"]
[WhiteElo "2763"]
[BlackElo "2582"]
[WhiteTeam "Canada Chessbrahs"]
[BlackTeam "Sweden Wasabis"]
[WhiteFideId "24116068"]
[BlackFideId "11602740"]
[EventDate "2020.03.02"]

1. d4 Nf6 2. c4 e6 3. Nf3 b6 4. g3 Bb7 5. Bg2 Bb4+ 6. Bd2 a5 7. O-O O-O 8. Bf4
Be7 9. Qc2 Be4 10. Qc1 Bb7 11. Nc3 Ne4 12. Nb5 c6 13. Nc3 Nxc3 14. Qxc3 d6 15.
e4 Nd7 16. Rad1 b5 17. c5 Nf6 18. Qc2 d5 19. e5 Ne8 20. h4 b4 21. Ng5 g6 22. Nf3
Ba6 23. Rfe1 Ng7 24. Bh6 Ra7 25. Qd2 Re8 26. g4 Bc8 27. Bh3 Kh8 28. Bg5 Rg8 29.
Qf4 Qf8 30. Bf6 Rb7 31. Bf1 Bxf6 32. exf6 Ne8 33. Ne5 Rc7 34. g5 Bb7 35. a3 Ba8
36. axb4 axb4 37. Ra1 Bb7 38. Ra7 h5 39. Rea1 Kh7 40. R1a4 b3 41. Rb4 Bc8 42.
Ra8 Rh8 43. Rbb8 Rb7 44. Rxc8 1-0

[Event "PRO League KO Stage 2020"]
[Site "chess.com INT"]
[Date "2020.03.02"]
[Round "1"]
[White "Amin, Bassem"]
[Black "Firouzja, Alireza"]
[Result "0-1"]
[WhiteTitle "GM"]
[BlackTitle "GM"]
[WhiteElo "2667"]
[BlackElo "2728"]
[WhiteTeam "Sweden Wasabis"]
[BlackTeam "Canada Chessbrahs"]
[WhiteFideId "10601457"]
[BlackFideId "12573981"]
[EventDate "2020.03.02"]

1. e4 c6 2. d3 d5 3. Nd2 e5 4. Ngf3 Qc7 5. g3 Nf6 6. Bg2 Be7 7. O-O O-O 8. b3
Re8 9. Bb2 d4 10. c3 c5 11. b4 Nc6 12. Rc1 Qb8 13. cxd4 cxd4 14. a3 a6 15. Nb3
Nd7 16. Nfd2 Nb6 17. Nc5 a5 18. b5 Nd8 19. f4 Ne6 20. Nxe6 Bxe6 21. f5 Bd7 22.
a4 Bg5 23. Ba3 Nxa4 24. Qxa4 Bxd2 25. Rc2 Be3+ 26. Kh1 Rc8 27. Rc4 Rxc4 28. Qxc4
Qe8 29. Rb1 Rc8 30. Qd5 Rc3 31. Bd6 Qc8 32. h4 g5 33. hxg5 Rc1+ 34. Rxc1 Qxc1+
35. Kh2 Bg1+ 36. Kh3 Qxg5 37. Bf3 Qh6+ 38. Kg4 Qh2 39. Bxe5 Be3 40. Bg2 h5+ 41.
Kf3 Qg1 42. Qa2 Bxb5 43. Qc2 Kh7 44. Qa2 Qd1+ 45. Qe2 Qxd3 46. Qxd3 Bxd3 47. g4
hxg4+ 48. Kxg4 b5 49. Bc7 b4 50. Bd6 Bc1 51. e5 b3 52. e6 b2 53. e7 Bxf5+ 54.
Kh4 Bd7 55. Be4+ Kg8 56. Be5 Be3 57. Bf6 a4 58. Kg3 a3 59. Bb1 d3 60. Kf3 d2 61.
Ke2 Bb5+ 62. Kd1 Ba4+ 0-1

[Event "PRO League KO Stage 2020"]
[Site "chess.com INT"]
[Date "2020.03.02"]
[Round "1"]
[White "Grandelius, Nils"]
[Black "Saric, Ivan"]
[Result "1-0"]
[WhiteTitle "GM"]
[BlackTitle "GM"]
[WhiteElo "2651"]
[BlackElo "2646"]
[WhiteTeam "Sweden Wasabis"]
[BlackTeam "Canada Chessbrahs"]
[WhiteFideId "1710400"]
[BlackFideId "14508150"]
[EventDate "2020.03.02"]

1. Nf3 Nf6 2. g3 d5 3. Bg2 c6 4. O-O g6 5. b3 Bg7 6. Bb2 O-O 7. c4 a5 8. Nc3 Ne4
9. Na4 Bxb2 10. Nxb2 e6 11. d3 Nd6 12. c5 Nb5 13. d4 Nd7 14. Na4 Qe7 15. Re1 f5
16. Qc1 e5 17. dxe5 Nxe5 18. Nb6 Ra6 19. Qe3 Nxf3+ 20. exf3 Qxe3 21. Rxe3 f4 22.
Re7 Bf5 23. Bf1 Rxb6 24. cxb6 Nd6 25. Rae1 Rf7 26. Rxf7 Kxf7 27. Rc1 g5 28. Rc5
d4 29. Rxa5 d3 30. Rxf5+ Nxf5 31. Bxd3 Nd6 32. a4 h6 33. a5 Ke7 34. Kg2 Kd8 35.
Kh3 Nf7 36. gxf4 gxf4 37. Kh4 Ne5 38. Be4 Kd7 39. Kh5 Kd6 40. Kxh6 1-0

[Event "PRO League KO Stage 2020"]
[Site "chess.com INT"]
[Date "2020.03.02"]
[Round "1"]
[White "Grandelius, Nils"]
[Black "Grischuk, Alexander"]
[Result "1-0"]
[WhiteTitle "GM"]
[BlackTitle "GM"]
[WhiteElo "2651"]
[BlackElo "2777"]
[WhiteTeam "Sweden Wasabis"]
[BlackTeam "Canada Chessbrahs"]
[WhiteFideId "1710400"]
[BlackFideId "4126025"]
[EventDate "2020.03.02"]

1. Nf3 d5 2. g3 g6 3. c4 dxc4 4. Na3 Bg7 5. Nxc4 Nc6 6. d3 e5 7. Bd2 Nge7 8. Rc1
a5 9. h4 h6 10. Bc3 f6 11. b3 O-O 12. Qd2 b6 13. Bg2 Be6 14. O-O Qd7 15. Rfd1
Rad8 16. e4 g5 17. hxg5 hxg5 18. d4 g4 19. Nfxe5 fxe5 20. d5 Qe8 21. Qe2 b5 22.
Nd2 Bd7 23. dxc6 Nxc6 24. Nf1 b4 25. Bb2 Nd4 26. Bxd4 exd4 27. Rxc7 Rc8 28. Rxc8
Bxc8 29. Nd2 Qe6 30. Nc4 Ba6 31. e5 Rd8 32. Qe4 Bxc4 33. bxc4 Bxe5 34. c5 Kg7
35. c6 Kf6 36. Qh7 Qf7 37. Qh4+ 1-0

[Event "PRO League KO Stage 2020"]
[Site "chess.com INT"]
[Date "2020.03.02"]
[Round "1"]
[White "Amin, Bassem"]
[Black "Giri, Anish"]
[Result "0-1"]
[WhiteTitle "GM"]
[BlackTitle "GM"]
[WhiteElo "2667"]
[BlackElo "2763"]
[WhiteTeam "Sweden Wasabis"]
[BlackTeam "Canada Chessbrahs"]
[WhiteFideId "10601457"]
[BlackFideId "24116068"]
[EventDate "2020.03.02"]

1. e4 c5 2. Nf3 Nc6 3. Bb5 e6 4. O-O Nge7 5. Re1 a6 6. Bf1 d5 7. d3 d4 8. e5 Nd5
9. a4 Be7 10. Nbd2 O-O 11. g3 Rb8 12. h4 Qc7 13. Bg2 b5 14. Ne4 h6 15. Bd2 bxa4
16. Qc1 Nxe5 17. Nxe5 Qxe5 18. Nxc5 Qh5 19. Nxa4 Bb7 20. c3 dxc3 21. bxc3 Nf6
22. Bf4 Bxg2 23. Kxg2 Qd5+ 24. Kg1 Rb7 25. Qc2 Rd8 26. Red1 g5 27. hxg5 hxg5 28.
c4 Qf5 29. Be3 Ng4 30. Qe2 Rb3 31. c5 Ne5 32. d4 Nf3+ 33. Kg2 g4 34. Rh1 Qe4 0-1

[Event "PRO League KO Stage 2020"]
[Site "chess.com INT"]
[Date "2020.03.02"]
[Round "1"]
[White "Firouzja, Alireza"]
[Black "Meshkovs, Nikita"]
[Result "1-0"]
[WhiteTitle "GM"]
[BlackTitle "GM"]
[WhiteElo "2728"]
[BlackElo "2582"]
[WhiteTeam "Canada Chessbrahs"]
[BlackTeam "Sweden Wasabis"]
[WhiteFideId "12573981"]
[BlackFideId "11602740"]
[EventDate "2020.03.02"]

1. e4 e5 2. Nf3 Nc6 3. Nc3 Nf6 4. d4 exd4 5. Nxd4 Bb4 6. Nxc6 bxc6 7. Bd3 d5 8.
exd5 O-O 9. O-O Bg4 10. f3 Bh5 11. dxc6 Qd4+ 12. Kh1 Bxc3 13. bxc3 Qxc3 14. Rb1
Qxc6 15. Ba3 Rfd8 16. Qc1 Bg6 17. Be7 Rdb8 18. Qa3 Nd5 19. Bc5 h5 20. Bxg6 Qxg6
21. Rxb8+ Rxb8 22. Qxa7 Re8 23. Qa4 Re2 24. Rg1 c6 25. Qh4 Rxc2 26. Bd4 Rc4 27.
Qd8+ Kh7 28. Be5 f6 29. Bd6 Rc2 30. a4 Ne3 31. Qe7 Nf5 32. Qe6 h4 33. a5 Rd2 34.
Bf4 Rd4 35. Bc7 Ra4 36. Qb3 Rd4 37. a6 h3 38. gxh3 Qh5 39. a7 Rb4 40. Qd3 Rd4
41. Qe2 Ra4 42. Bb6 Qxh3 43. Qg2 Qxg2+ 44. Kxg2 Nd6 45. Rd1 Nc8 46. Bc5 Nxa7 47.
Rd7 Nb5 48. Kg3 Kg6 49. h4 Ra8 50. Kg4 Kh6 51. Be3+ Kh7 52. h5 Ra4+ 53. Kf5 Nc3
54. h6 Ra5+ 55. Kg4 Nd5 56. Rxg7+ Kh8 57. Ba7 Ra4+ 58. Kg3 Nf4 59. Rd7 Nh5+ 60.
Kf2 Ra2+ 61. Ke3 Ng3 62. Kf4 Rg2 63. Kg4 Ne2+ 64. Kf5 Rh2 65. Kg6 Nf4+ 66. Kxf6 1-0

[Event "PRO League KO Stage 2020"]
[Site "chess.com INT"]
[Date "2020.03.02"]
[Round "1"]
[White "Saric, Ivan"]
[Black "Hellers, Ferdinand"]
[Result "0-1"]
[WhiteTitle "GM"]
[BlackTitle "GM"]
[WhiteElo "2646"]
[BlackElo "2592"]
[WhiteTeam "Canada Chessbrahs"]
[BlackTeam "Sweden Wasabis"]
[WhiteFideId "14508150"]
[BlackFideId "1700022"]
[EventDate "2020.03.02"]

1. e4 d6 2. d4 Nf6 3. Nc3 g6 4. Bg5 Bg7 5. Qd2 c6 6. Bd3 b5 7. Bh6 Bxh6 8. Qxh6
Nbd7 9. Nf3 e5 10. dxe5 dxe5 11. a4 b4 12. Ne2 Qe7 13. Ng3 Ng4 14. Qd2 O-O 15.
h3 Ngf6 16. Qg5 Re8 17. h4 h5 18. Bc4 Kh7 19. Qd2 Kg7 20. Ng5 Rf8 21. a5 Nc5 22.
O-O-O Ne8 23. Kb1 f6 24. Nh3 Be6 25. Qxb4 Bxc4 26. Qxc4 Rb8 27. f4 Rb5 28. f5
Nd6 29. Rxd6 Qxd6 30. fxg6 Kxg6 31. Nf5 Qd7 32. g4 Rfb8 33. gxh5+ Kh7 34. Ka1
Rxa5+ 35. Kb1 Rab5 36. Ka1 Qb7 37. Qc3 Rxb2 0-1

[Event "PRO League KO Stage 2020"]
[Site "chess.com INT"]
[Date "2020.03.02"]
[Round "1"]
[White "Grischuk, Alexander"]
[Black "Amin, Bassem"]
[Result "1/2-1/2"]
[WhiteTitle "GM"]
[BlackTitle "GM"]
[WhiteElo "2777"]
[BlackElo "2667"]
[WhiteTeam "Canada Chessbrahs"]
[BlackTeam "Sweden Wasabis"]
[WhiteFideId "4126025"]
[BlackFideId "10601457"]
[EventDate "2020.03.02"]

1. d4 Nf6 2. c4 g6 3. g3 Bg7 4. Bg2 O-O 5. Nc3 d6 6. Nf3 Nbd7 7. O-O e5 8. e4 c6
9. Be3 Ng4 10. Bg5 f6 11. Bc1 f5 12. d5 Nc5 13. h3 Nf6 14. exf5 gxf5 15. Be3
cxd5 16. cxd5 b6 17. b4 Nce4 18. Nxe4 Nxe4 19. Rc1 Ba6 20. Re1 Qd7 21. Qb3 Rac8
22. Rc6 Bb5 23. Ng5 Nxg5 24. Bxg5 Kh8 25. Rec1 e4 26. Rxc8 Rxc8 27. Rxc8+ Qxc8
28. Bf4 Bd4 29. Qd1 Bd3 30. Bxd6 Qd7 31. Bf4 Qxd5 32. Qh5 Qe6 33. a3 Qg6 34. Qd1
b5 35. Bf1 Qe6 36. Bxd3 exd3 37. Qxd3 Qe1+ 38. Qf1 Bxf2+ 39. Kg2 Qxf1+ 40. Kxf1
Bd4 41. Ke2 Kg7 42. Kd3 Bf2 43. Ke2 Bd4 44. Kd3 Bf2 45. Ke2 Bd4 1/2-1/2

[Event "PRO League KO Stage 2020"]
[Site "chess.com INT"]
[Date "2020.03.02"]
[Round "1"]
[White "Giri, Anish"]
[Black "Grandelius, Nils"]
[Result "1-0"]
[WhiteTitle "GM"]
[BlackTitle "GM"]
[WhiteElo "2763"]
[BlackElo "2651"]
[WhiteTeam "Canada Chessbrahs"]
[BlackTeam "Sweden Wasabis"]
[WhiteFideId "24116068"]
[BlackFideId "1710400"]
[EventDate "2020.03.02"]

1. d4 Nf6 2. c4 g6 3. Nc3 d5 4. cxd5 Nxd5 5. e4 Nxc3 6. bxc3 Bg7 7. Bc4 c5 8.
Ne2 Nc6 9. Be3 O-O 10. O-O Bg4 11. f3 Bd7 12. Rb1 Qc7 13. Qd2 Rfd8 14. Rfc1 a6
15. h4 b5 16. Bd5 Rac8 17. h5 Na5 18. Bg5 Bc6 19. Bb3 Nxb3 20. axb3 f6 21. Be3
e6 22. Nf4 Qf7 23. Nd3 Bf8 24. hxg6 hxg6 25. Qe2 cxd4 26. cxd4 b4 27. Qe1 a5 28.
e5 Bb5 29. Nf2 Bg7 30. Ng4 f5 31. Nh6+ Bxh6 32. Bxh6 Qd7 33. Rxc8 Rxc8 34. Qh4
Rc3 35. Kh2 Rd3 36. Rc1 Rxd4 37. Qf6 Kh7 38. Rc8 Rh4+ 39. Kg3 Qxc8 40. Qg7# 1-0

[Event "PRO League KO Stage 2020"]
[Site "chess.com INT"]
[Date "2020.03.02"]
[Round "1"]
[White "Hellers, Ferdinand"]
[Black "Firouzja, Alireza"]
[Result "0-1"]
[WhiteTitle "GM"]
[BlackTitle "GM"]
[WhiteElo "2592"]
[BlackElo "2728"]
[WhiteTeam "Sweden Wasabis"]
[BlackTeam "Canada Chessbrahs"]
[WhiteFideId "1700022"]
[BlackFideId "12573981"]
[EventDate "2020.03.02"]

1. Nf3 d5 2. g3 Nf6 3. Bg2 g6 4. d4 Bg7 5. c4 c6 6. Qb3 O-O 7. O-O Qb6 8. Nc3
Rd8 9. Rd1 Be6 10. c5 Qxb3 11. axb3 Na6 12. e3 Nc7 13. b4 Bg4 14. h3 Bxf3 15.
Bxf3 e5 16. Be2 exd4 17. exd4 a6 18. Be3 Ne6 19. Re1 Ne8 20. Rad1 N8c7 21. Bg4
f5 22. Bf3 Nb5 23. Ne2 Re8 24. g4 f4 25. Bc1 Nbxd4 26. Nxd4 Nxd4 27. Kg2 g5 28.
h4 h6 29. hxg5 hxg5 30. Rh1 Kf7 31. Bd2 Nxf3 32. Kxf3 Bxb2 33. Rh7+ Bg7 34. Bc3
Rg8 35. Re1 a5 36. bxa5 Kg6 37. Rxg7+ Rxg7 38. Bxg7 Kxg7 39. Rb1 Rxa5 40. Rxb7+
Kf6 41. Rc7 Rxc5 42. Ke2 Rc4 43. Kd3 c5 44. Rc6+ Ke5 45. Rg6 Rd4+ 46. Kc3 Ke4
47. Rxg5 Kf3 48. Rf5 Kxf2 49. g5 f3 50. g6 Rg4 0-1

[Event "PRO League KO Stage 2020"]
[Site "chess.com INT"]
[Date "2020.03.02"]
[Round "1"]
[White "Meshkovs, Nikita"]
[Black "Saric, Ivan"]
[Result "0-1"]
[WhiteTitle "GM"]
[BlackTitle "GM"]
[WhiteElo "2582"]
[BlackElo "2646"]
[WhiteTeam "Sweden Wasabis"]
[BlackTeam "Canada Chessbrahs"]
[WhiteFideId "11602740"]
[BlackFideId "14508150"]
[EventDate "2020.03.02"]

1. d4 Nf6 2. c4 g6 3. Nc3 Bg7 4. e4 d6 5. Be3 Ng4 6. Bg5 h6 7. Bh4 c5 8. d5 g5
9. Bg3 Ne5 10. h4 g4 11. f4 gxf3 12. gxf3 h5 13. f4 Bg4 14. Be2 Bxe2 15. Qxe2
Ng4 16. e5 Qa5 17. O-O-O Nd7 18. exd6 O-O-O 19. dxe7 Rde8 20. Be1 Rh6 21. d6 Bd4
22. Nf3 Re6 23. Ne4 Qxa2 24. Nxd4 cxd4 25. f5 Qa1+ 26. Kc2 Qa4+ 27. Kb1 Rxe4 28.
Qxe4 Qxd1+ 29. Ka2 Ngf6 30. Qg2 Nc5 31. Bg3 Qa4+ 32. Kb1 Nb3 33. Re1 d3 0-1

[Event "PRO League KO Stage 2020"]
[Site "chess.com INT"]
[Date "2020.03.02"]
[Round "1"]
[White "Niemann, Hans Moke"]
[Black "Harikrishna, Pentala"]
[Result "1/2-1/2"]
[WhiteTitle "IM"]
[BlackTitle "GM"]
[WhiteElo "2459"]
[BlackElo "2719"]
[WhiteTeam "Norway Gnomes"]
[BlackTeam "India Yogis"]
[WhiteFideId "2093596"]
[BlackFideId "5007003"]
[EventDate "2020.03.02"]

1. e4 c5 2. b3 g6 3. Bb2 Nf6 4. e5 Nd5 5. Nf3 Bg7 6. h4 h6 7. h5 g5 8. d4 Qa5+
9. Qd2 Qxd2+ 10. Nbxd2 cxd4 11. Nxd4 Bxe5 12. Nc4 Bf6 13. O-O-O Na6 14. g3 Nb6
15. Nxb6 axb6 16. Bg2 d6 17. Rhe1 O-O 18. Nb5 Bxb2+ 19. Kxb2 Nb4 20. Rxe7 Rxa2+
21. Kc3 Nxc2 22. Nxd6 Be6 23. Bd5 Bxd5 24. Rxd5 Na1 25. f4 Rc2+ 26. Kb4 gxf4 27.
gxf4 Rb2 28. Rd3 Rg2 29. Nf5 Rc8 30. Rd5 Ra2 31. Ne3 Ra5 32. Rxa5 bxa5+ 33. Ka4
b5+ 34. Kxb5 Nxb3 35. Ng4 Rc5+ 36. Ka4 Nd4 37. Nxh6+ Kg7 38. Nxf7 Kf6 39. Rb7
Rxh5 40. Ne5 Ne6 41. Rb5 Rh4 42. Nd3 Nxf4 43. Nxf4 Rxf4+ 44. Kxa5 Rf5 45. Rxf5+
Kxf5 1/2-1/2

[Event "PRO League KO Stage 2020"]
[Site "chess.com INT"]
[Date "2020.03.02"]
[Round "1"]
[White "Narayanan, Srinath"]
[Black "Adhiban, Baskaran"]
[Result "0-1"]
[WhiteTitle "GM"]
[BlackTitle "GM"]
[WhiteElo "2540"]
[BlackElo "2659"]
[WhiteTeam "Norway Gnomes"]
[BlackTeam "India Yogis"]
[WhiteFideId "5018420"]
[BlackFideId "5018471"]
[EventDate "2020.03.02"]

1. c4 e5 2. d3 f5 3. g3 Nc6 4. Bg2 Nf6 5. Nc3 Bc5 6. e3 d6 7. Nge2 O-O 8. O-O
Kh8 9. a3 a6 10. b4 Ba7 11. Nd5 Nxd5 12. cxd5 Ne7 13. e4 Ng6 14. Be3 Bxe3 15.
fxe3 Qg5 16. Qc1 fxe4 17. Rxf8+ Nxf8 18. dxe4 Bg4 19. Qd2 Nd7 20. Rf1 a5 21.
bxa5 h5 22. h4 Qh6 23. Bf3 Bh3 24. Bg2 Bxg2 25. Kxg2 Nf6 26. Rf3 Nxe4 27. Qc2
Nf6 28. Qxc7 e4 29. Rf4 Nxd5 30. Qxb7 Nxf4+ 31. Nxf4 Rxa5 32. Qxe4 Qf6 33. Qe8+
Kh7 34. Ne6 Re5 35. Nf8+ Kh6 36. Qc8 Rxe3 0-1

[Event "PRO League KO Stage 2020"]
[Site "chess.com INT"]
[Date "2020.03.02"]
[Round "1"]
[White "Narayanan, S.L."]
[Black "Erigaisi, Arjun"]
[Result "1-0"]
[WhiteTitle "GM"]
[BlackTitle "GM"]
[WhiteElo "2618"]
[BlackElo "2559"]
[WhiteTeam "India Yogis"]
[BlackTeam "Norway Gnomes"]
[WhiteFideId "5058422"]
[BlackFideId "35009192"]
[EventDate "2020.03.02"]

1. c4 e6 2. Nf3 Nf6 3. g3 d5 4. Bg2 dxc4 5. Qa4+ Nbd7 6. Qxc4 c5 7. Nc3 b6 8.
O-O Bb7 9. e4 a6 10. Qe2 b5 11. d4 b4 12. d5 bxc3 13. dxe6 fxe6 14. Ng5 Qb6 15.
Bh3 O-O-O 16. bxc3 Qc6 17. f3 Re8 18. Rd1 c4 19. Nf7 Bc5+ 20. Be3 Rhf8 21. Ng5
h6 22. Nxe6 Rxe6 23. Bxe6 Qxe6 24. Bxc5 Nxc5 25. Rd4 Nd3 26. Rb1 Nd7 27. f4 g5
28. f5 Qc6 29. Qe3 Re8 30. g4 Nf6 31. Rb6 Qa4 32. Qxd3 cxd3 33. Rxa4 Rd8 34.
Rc4+ Kb8 35. Rb1 Nxg4 36. Rcb4 Rd7 37. h3 Ne5 38. Kf2 h5 39. Rd4 Rc7 40. Rd5 Re7
41. f6 Re6 42. Rxe5 Rxf6+ 43. Rf5 Rd6 44. Rf7 d2 45. Rfxb7+ Kc8 46. Rb8+ Kc7 47.
R1b7+ Kc6 48. Rb6+ 1-0

[Event "PRO League KO Stage 2020"]
[Site "chess.com INT"]
[Date "2020.03.02"]
[Round "1"]
[White "Aravindh, Chithambaram VR."]
[Black "Christiansen, Johan-Sebastian"]
[Result "0-1"]
[WhiteTitle "GM"]
[BlackTitle "GM"]
[WhiteElo "2641"]
[BlackElo "2609"]
[WhiteTeam "India Yogis"]
[BlackTeam "Norway Gnomes"]
[WhiteFideId "5072786"]
[BlackFideId "1512668"]
[EventDate "2020.03.02"]

1. d4 e6 2. c4 Nf6 3. Nc3 Bb4 4. Nf3 b6 5. Bg5 Bb7 6. Nd2 h6 7. Bh4 e5 8. dxe5
Bxc3 9. bxc3 g5 10. Bg3 Nh5 11. e4 Nxg3 12. hxg3 Qe7 13. f4 Nc6 14. Bd3 O-O-O
15. Nb3 gxf4 16. gxf4 d6 17. Qg4+ Kb8 18. e6 fxe6 19. O-O-O Rdg8 20. Qh3 Qf6 21.
Rhf1 Qxc3+ 22. Bc2 Qxc4 23. a3 a5 24. Rf3 a4 25. Rc3 Qe2 26. Nd4 Nxd4 27. Rxd4
Rxg2 28. Qxe6 Rg1+ 29. Kb2 Qf1 30. Rxa4 b5 0-1